|
|
|
|
| LEADER |
01310nam a2200277 i 4500 |
| 001 |
GR-MES5302 |
| 003 |
GR-PaULI |
| 005 |
20220404140945.0 |
| 008 |
991111t1992 enga g 001 b eng d |
| 952 |
|
|
|0 0
|1 0
|2 ddc
|4 0
|6 635_210000000000000_HAR
|7 0
|9 275878
|a MSLG
|b MSLG
|c BSC
|d 2021-01-17
|e 24
|f 0
|g 0.00
|l 0
|o 635.21 HAR
|p 2420000007358
|r 2021-01-17 00:00:00
|t 1
|v 2021.00
|w 2021-01-17
|y BK15
|x Μεταφορά από Αμαλιάδα (18/10/22)
|x GrPaTEI
|
| 952 |
|
|
|0 0
|1 0
|2 ddc
|4 0
|6 635_210000000000000_POT
|7 0
|9 358784
|a MSLG
|b MSLG
|c BSC
|d 2022-04-04
|i 6000
|l 0
|o 635.21 POT
|p 99242000006000
|r 2022-04-04 00:00:00
|t 2
|w 2022-04-04
|y BK15
|
| 999 |
|
|
|c 159920
|d 159920
|
| 020 |
|
|
|a 0442314531
|
| 020 |
|
|
|a 0412296403
|
| 040 |
|
|
|a GrPaTEI
|b gre
|c GR-PaULI
|e AACR2
|
| 082 |
0 |
4 |
|a 635.21
|2 23
|
| 245 |
0 |
4 |
|a The potato crop :
|b the scientific basis for improvement /
|c edited by Paul M. Harris.
|
| 250 |
|
|
|a 2nd ed.
|
| 260 |
|
|
|a London :
|b Chapman and Hall,
|c c1992
|
| 300 |
|
|
|a xvii, 909 σ. :
|b εικ. ;
|c 24 εκ.
|
| 490 |
|
|
|a World crop
|
| 504 |
|
|
|a Περιλαμβάνει βιβλιογραφικές παραπομπές και ευρετήριο.
|
| 650 |
|
4 |
|a Πατάτες
|9 191247
|x Καλλιέργεια
|
| 700 |
1 |
|
|a Harris, Paul M.
|9 191249
|e επιμελητής.
|
| 942 |
|
|
|2 ddc
|c BK15
|
| 998 |
|
|
|c ΑΔΑΜΟΠΟΥΛΟΥ
|d 2022-04
|